| 000 | 00821nam a2200301Ia 4500 | ||
|---|---|---|---|
| 003 | OSt | ||
| 005 | 20220912145058.0 | ||
| 006 | a|||||r|||| 00| 0 | ||
| 007 | ta | ||
| 008 | 220909b |||||||| |||| 00| 0 eng d | ||
| 024 | _a84258 | ||
| 037 | _cTextbook | ||
| 040 |
_aCSL _beng _cCSL |
||
| 041 | _aeng | ||
| 082 | _aE5:21, K5;L5 | ||
| 100 | _aSykes Peter | ||
| 245 | 0 | _aGuidebook to mechanism in organic chemistry | |
| 250 | _a4 | ||
| 260 |
_aNew Delhi _bOrient Longman _c1975 |
||
| 300 |
_axii, 362p. _ccm. |
||
| 500 | _a''Bibliography 345-346p''.; ''Index 347-362p''. | ||
| 650 | _a Eliminations | ||
| 650 | _a Radicals | ||
| 650 | _aStructure and mechanism | ||
| 942 |
_hE5:21, K5;L5 _cTB _2CC |
||
| 999 |
_c22642 _d22642 |
||